| Поле | Название | Значение |
| |
Тип записи |
c |
| |
Библиографический уровень |
m |
| 001 |
Контрольный номер |
RU/IS/BASE/485002590 |
| 005 |
Дата корректировки |
20251211114526.7 |
| 010 |
Индекс ISBN |
__ |
| 9 |
Тираж |
50000 экз. |
| 013 |
Номер (ISMN) |
__ |
| d |
Цена |
1 р. 41 к. |
| 071 |
Издательские номер (звукозапись и ноты) |
21 |
| a |
Номер, присвоенный агентством |
8930 |
| 100 |
Данные общей обработки |
__ |
| a |
Данные общей обработки |
20150515d1976 u y0rusy0189||||ca |
| 101 |
Язык документа |
0_ |
| a |
Язык текста |
rus |
| f |
Язык титульного листа |
rus |
| 102 |
Страна публикации |
__ |
| a |
Страна публикации |
RU |
| 105 |
Кодированные данные (монография) |
__ |
| a |
Кодированные данные (монография) |
y###||||000|y |
| 125 |
Кодированные данные звукозаписи и нотных изданий |
__ |
| a |
Форма изложения нотного текста |
с| |
| 128 |
Кодированные данные (звукозаписи-физические характеристики) |
__ |
| a |
Кодированные данные: Музыкальная форма и тональность или лад |
chs |
| a |
Кодированные данные: Музыкальная форма и тональность или лад |
fm |
| a |
Кодированные данные: Музыкальная форма и тональность или лад |
zz |
| b |
Инструменты или голоса, необходимые для ансамблей (устаревшее) |
cd|| |
| c |
Инструменты или голоса, рекомендуемые для солистов (устаревшее) |
ka|| |
| 200 |
Заглавие и сведения об ответственности |
1_ |
| a |
Заглавие |
Музыка в школе |
| e |
Сведения, относящиеся к заглавию |
2 кл. |
| f |
Первые сведения об ответственности |
авт.-сост. Т. Бейдер, Е. Критская, Л. Левандовская |
| g |
Последующие сведения об ответственности |
[предисл. изд.] |
| g |
Последующие сведения об ответственности |
обознач. для баяна М. Магиденко |
| 210 |
Выходные данные |
1_ |
| a |
Место издания |
Москва |
| c |
Издательство |
Музыка |
| d |
Дата издания |
1976 |
| 215 |
Физическое описание |
__ |
| a |
Объем |
112 с. |
| d |
Формат |
29 см |
| 327 |
Примечание о содержании |
11 |
| a |
Примечание о содержании |
Содерж. : Иорданский М. Песенка про звездочку / сл. З. Александровой ; Белые фонарики / сл. Н. Найденовой. - Попатенко Т. Вот он, праздник Октября! ; Скворушка прощается / сл. М. Ивенсен. - Островский А. Кролик / сл. З. Петровой ; Новогодняя хороводная / сл. Ю. Леднева. - Левина З. Белочки / сл. Л. Некрасовой. - Филиппенко А. Березонька / сл. Т. Волгиной ; Песня о Родине / сл. М. Познанского. - Ходила младешенька по борочку : рус. нар. песня / обраб. Н. Римского-Корсакова. - Карлуша : бельг. нар. песня. - Гумпердинг Э. Стоит стар человечек / обраб. М. Иорданского. - Книппер Л. Почему медведь зимой спит / сл. А. Коваленкова. - Попатенко Т. Котенок и щенок / сл. В. Викторова ; Песенка про книжки / сл. Н. Найденовой. - Раухвергер М. Ёлка / сл. О. Высотской. - Гречаниноа А. Дон-дон : прибаутка. - Как на тоненький ледок ; На горе-то калина ; Во поле береза стояла ; Перед весной : рус. нар. песни. - Ой, есть в лесу калина : укр. нар. песня. - Перепелочка : белорус. нар. песня. - Свищет вьюга : болг. дет. песня. - Гусята : нем. песня. - Раз, два, три, четыре, пять : чеш. нар. песня. - Про котят : англ. нар. песня. - Добрый мельник : литов. нар. песня. - Охотничья шуточная : пол. нар. песня. - Пастушка : фр. нар. песня. - Бугославский С. Песня о пограничнике / сл. О. Высотской. - Старокадомский М. Воздушная песня / сл. Е. Долматовского. - Парцхаладзе М. Мамина песенка / сл. М. Пляцковского. - Леви Н. Колыбельная / сл. Н. Добржанской. - Полонский С. Весенняя песенка / сл. Н. Виноградовой. - Карасева В. Горошина / сл. Н. Френкель. - Бутанский С. Песенка дождя / обраб. Т. Попатенко ; сл. И. Стоянова ; пер. с болг. Н. Найденовой. - Калинников В. Киска / сл. народные. - Лядов А. Колыбельная / сл. народные. - Римский-Корсаков Н. Проводы зимы / сл. И. Устюжанина. - Заимов Х. Это Ленин наш родной : башк. дет. песня / сл. Л. Некрасовой. - Бирнов Л. Ленин и весна / сл. В. Викторова. - Чичков Ю. Здравствуй, Родина моя / сл. К. Ибряева. - Красев М. Звезды Кремля ; Ландыш / сл. Н. Френкель ; Первомайская песня. - Герчик В. Часы Кремля / сл. С. Вышеславцевой. - Львов-Компанеец Д. Дружат дети всей земли / сл. В. Викторова ; Октябрятская полька / сл. З. Петровой. - Александров Ан. Октябрята / сл. С. Богомазова. - Павленко В. Капельки / сл. Э. Богдановой. - Гершфельд Д. Ёжик / сл. В. Осеевой. - Шереметьева Н. Про Степана и кота / сл. Н. Демьянова. - Дунаевский И. Песня о Родине / сл. В. Лебедева-Кумача. - Пахмутова А. Замечательный вожатый / сл. С. Гребенникова и Н. Добронравова. - Маленький барабанщик : нем. рев. песня / обраб. А. Давиденко ; рус. текст М. Светлова. - Кабалевский Д. Барабанщик. - Григ Э. Вальс ; Танец эльфов ; Шествие гномов ; Кобольд. - Чайковский П. Баба яга ; Вальс ; Песня жаворонка ; Неаполитанская песенка ; Мелодия ; Итальянская песенка ; Немецкая песенка. - Прокофьев С. Прогулка ; Сказочка ; Ходит месяц над лугами. - Кабалевский Д. Клоуны. |
| 464 |
Аналитический уровень |
_0 |
| 1 |
|
2001 |
| a |
|
Песенка про звездочку |
| e |
|
Много в классе школьников... |
| 1 |
|
700 1 |
| a |
|
Иорданский |
| b |
|
М. |
| 1 |
|
702 1 |
| a |
|
Александрова |
| b |
|
З. |
| 4 |
|
520 |
| 464 |
Аналитический уровень |
_0 |
| 1 |
|
2001 |
| a |
|
Вот он, праздник Октября! |
| e |
|
Ждали, ждали мы не зря... |
| 1 |
|
700 1 |
| a |
|
Попатенко |
| b |
|
Т. |
| 1 |
|
702 1 |
| a |
|
Ивенсен |
| b |
|
М. |
| 4 |
|
520 |
| 464 |
Аналитический уровень |
_0 |
| 1 |
|
2001 |
| a |
|
Кролик |
| e |
|
Мне сегодня очень грустно... |
| 1 |
|
700 1 |
| a |
|
Островский |
| b |
|
А. |
| 1 |
|
702 1 |
| a |
|
Петрова |
| b |
|
З. |
| 4 |
|
520 |
| 464 |
Аналитический уровень |
_0 |
| 1 |
|
2001 |
| a |
|
Белочки |
| e |
|
Листики падают... |
| 1 |
|
700 1 |
| a |
|
Левина |
| b |
|
З. |
| 1 |
|
702 1 |
| a |
|
Некрасова |
| b |
|
Л. |
| 4 |
|
520 |
| 464 |
Аналитический уровень |
_0 |
| 1 |
|
2001 |
| a |
|
Березонька |
| 1 |
|
700 1 |
| a |
|
Филиппенко |
| b |
|
А. |
| 1 |
|
702 1 |
| a |
|
Волгина |
| b |
|
Т. |
| 4 |
|
520 |
| 464 |
Аналитический уровень |
_0 |
| 1 |
|
2001 |
| a |
|
Ходила младешенька по борочку |
| e |
|
Ходила младешенька по борочку... |
| e |
|
рус. нар. песня |
| 1 |
|
702 1 |
| a |
|
Римский-Корсаков |
| b |
|
Н. |
| 4 |
|
030 |
| 464 |
Аналитический уровень |
_0 |
| 1 |
|
2001 |
| a |
|
Карлуша |
| e |
|
Глупый Карлуша, - неряшка он... |
| e |
|
бельг. нар. песня |
| 464 |
Аналитический уровень |
_0 |
| 1 |
|
2001 |
| a |
|
Стоит стар человечек |
| e |
|
Стоит стар человечек |
| 1 |
|
700 1 |
| a |
|
Гумпердинг |
| b |
|
Э. |
| 1 |
|
702 1 |
| a |
|
Иорданский |
| b |
|
М. |
| 4 |
|
030 |
| 464 |
Аналитический уровень |
_0 |
| 1 |
|
2001 |
| a |
|
Почему медведь зимой спит |
| e |
|
Раз морозною зимой... |
| 1 |
|
700 1 |
| a |
|
Книппер |
| b |
|
Л. |
| 1 |
|
702 1 |
| a |
|
Коваленков |
| b |
|
А. |
| 4 |
|
520 |
| 464 |
Аналитический уровень |
_0 |
| 1 |
|
2001 |
| a |
|
Котенок и щенок |
| e |
|
В одной квартире жили... |
| 1 |
|
700 1 |
| a |
|
Попатенко |
| b |
|
Т. |
| 1 |
|
702 1 |
| a |
|
Викторов |
| b |
|
В. |
| 4 |
|
520 |
| 464 |
Аналитический уровень |
_0 |
| 1 |
|
2001 |
| a |
|
Ёлка |
| e |
|
Соберемся вместе мы... |
| 1 |
|
700 1 |
| a |
|
Раухвергер |
| b |
|
М. |
| 1 |
|
702 1 |
| a |
|
Высотская |
| b |
|
О. |
| 4 |
|
520 |
| 464 |
Аналитический уровень |
_0 |
| 1 |
|
2001 |
| a |
|
Дон-дон |
| e |
|
Дон, дон, дон! Загорелся кошкин дом... |
| e |
|
прибаутка |
| 1 |
|
700 1 |
| a |
|
Гречанинов |
| b |
|
А. |
| 464 |
Аналитический уровень |
_0 |
| 1 |
|
2001 |
| a |
|
Как на тоненький ледок |
| e |
|
Как на тоненький ледок... |
| e |
|
рус. нар. песня |
| 464 |
Аналитический уровень |
_0 |
| 1 |
|
2001 |
| a |
|
Ой, есть в лесу калина |
| e |
|
Ой, есть в лесу калина... |
| e |
|
укр. нар. песня |
| 464 |
Аналитический уровень |
_0 |
| 1 |
|
2001 |
| a |
|
Перепелочка |
| e |
|
Наша перепелка старенькая стала... |
| e |
|
белорус. нар. песня |
| 464 |
Аналитический уровень |
_0 |
| 1 |
|
2001 |
| a |
|
Свищет вьюга |
| e |
|
Снег такой глубокий выпал... |
| e |
|
болг. дет. песня |
| 464 |
Аналитический уровень |
_0 |
| 1 |
|
2001 |
| a |
|
Гусята |
| e |
|
Первые снежинки на землю летят... |
| e |
|
нем. песня |
| 464 |
Аналитический уровень |
_0 |
| 1 |
|
2001 |
| a |
|
Раз, два, три, четыре, пять |
| e |
|
Раз, два, три, четыре, пять... |
| e |
|
чеш. нар. песня |
| 464 |
Аналитический уровень |
_0 |
| 1 |
|
2001 |
| a |
|
Про котят |
| e |
|
Забыли котятки... |
| e |
|
англ. нар. песня |
| 464 |
Аналитический уровень |
_0 |
| 1 |
|
2001 |
| a |
|
Добрый мельник |
| e |
|
Есть у мельника три сына... |
| e |
|
литов. нар. песня |
| 464 |
Аналитический уровень |
_0 |
| 1 |
|
2001 |
| a |
|
Охотничья шуточная |
| e |
|
Вышел зайчик в поле погулять... |
| e |
|
пол. нар. песня |
| 464 |
Аналитический уровень |
_0 |
| 1 |
|
2001 |
| a |
|
Пастушка |
| e |
|
Жила-была пастушка... |
| e |
|
фр. нар. песня |
| 464 |
Аналитический уровень |
_0 |
| 1 |
|
2001 |
| a |
|
Песня о пограничнике |
| e |
|
Лес дремучий снегами покрыт... |
| 1 |
|
700 1 |
| a |
|
Бугославский |
| b |
|
С. |
| 1 |
|
702 1 |
| a |
|
Высотская |
| b |
|
О. |
| 4 |
|
520 |
| 464 |
Аналитический уровень |
_0 |
| 1 |
|
2001 |
| a |
|
Воздушная песня |
| e |
|
Колокольчий золотистый... |
| 1 |
|
700 1 |
| a |
|
Старокадомский |
| b |
|
М. |
| 1 |
|
702 1 |
| a |
|
Долматовский |
| b |
|
Е. |
| 4 |
|
520 |
| 464 |
Аналитический уровень |
_0 |
| 1 |
|
2001 |
| a |
|
Мамина песенка |
| e |
|
Если в небе туча хмурится... |
| 1 |
|
700 1 |
| a |
|
Парцхаладзе |
| b |
|
М. |
| 1 |
|
702 1 |
| a |
|
Пляцковский |
| b |
|
М. |
| 4 |
|
520 |
| 464 |
Аналитический уровень |
_0 |
| 1 |
|
2001 |
| a |
|
Колыбельная |
| e |
|
Спи, мой мишка, в колыбели... |
| 1 |
|
700 1 |
| a |
|
Леви |
| b |
|
Н. |
| 1 |
|
702 1 |
| a |
|
Добржанская |
| b |
|
Н. |
| 4 |
|
520 |
| 464 |
Аналитический уровень |
_0 |
| 1 |
|
2001 |
| a |
|
Весенняя песенка |
| e |
|
Рассказали о весне... |
| 1 |
|
700 1 |
| a |
|
Полонский |
| b |
|
С. |
| 1 |
|
702 1 |
| a |
|
Виноградова |
| b |
|
Н. |
| 4 |
|
520 |
| 464 |
Аналитический уровень |
_0 |
| 1 |
|
2001 |
| a |
|
Горошина |
| e |
|
По дороге Петя шел... |
| 1 |
|
700 1 |
| a |
|
Карасева |
| b |
|
В. |
| 1 |
|
702 1 |
| a |
|
Френкель |
| b |
|
Н. |
| 4 |
|
520 |
| 464 |
Аналитический уровень |
_0 |
| 1 |
|
2001 |
| a |
|
Песенка дождя |
| e |
|
Тихо, тихо дождь весенний... |
| 1 |
|
700 1 |
| a |
|
Бутанский |
| b |
|
С. |
| 1 |
|
702 1 |
| a |
|
Попатенко |
| b |
|
Т. |
| 4 |
|
030 |
| 1 |
|
702 1 |
| a |
|
Стоянов |
| b |
|
И. |
| 4 |
|
520 |
| 1 |
|
702 1 |
| a |
|
Найденова |
| b |
|
Н. |
| 4 |
|
730 |
| 464 |
Аналитический уровень |
_0 |
| 1 |
|
2001 |
| a |
|
Киска |
| e |
|
Идет кисонька из кухни... |
| 1 |
|
700 1 |
| a |
|
Калинников |
| b |
|
В. |
| 1 |
|
702 1 |
| a |
|
Слова народные |
| 4 |
|
520 |
| 464 |
Аналитический уровень |
_0 |
| 1 |
|
2001 |
| a |
|
Колыбельная |
| e |
|
Котенька, коток... |
| 1 |
|
700 1 |
| a |
|
Лядов |
| b |
|
А. |
| 1 |
|
702 1 |
| a |
|
Слова народные |
| 4 |
|
520 |
| 464 |
Аналитический уровень |
_0 |
| 1 |
|
2001 |
| a |
|
Проводы зимы |
| e |
|
Раным-рано петухи у нас запели... |
| 1 |
|
700 1 |
| a |
|
Римский-Корсаков |
| b |
|
Н. |
| 1 |
|
702 1 |
| a |
|
Устюжанин |
| b |
|
И. |
| 4 |
|
520 |
| 464 |
Аналитический уровень |
_0 |
| 1 |
|
2001 |
| a |
|
Это Ленин наш родной |
| e |
|
Чей портрет мы видим дома... |
| e |
|
башк. дет. песня |
| 1 |
|
700 1 |
| a |
|
Заимов |
| b |
|
Х. |
| 1 |
|
702 1 |
| a |
|
Некрасова |
| b |
|
Л. |
| 4 |
|
520 |
| 464 |
Аналитический уровень |
_0 |
| 1 |
|
2001 |
| a |
|
Ленин и весна |
| e |
|
Был апрель в Симбирске-городке... |
| 1 |
|
700 1 |
| a |
|
Бирнов |
| b |
|
Л. |
| 1 |
|
702 1 |
| a |
|
Викторов |
| b |
|
В. |
| 4 |
|
520 |
| 464 |
Аналитический уровень |
_0 |
| 1 |
|
2001 |
| a |
|
Здравствуй, Родина моя |
| e |
|
Утром солнышко встает... |
| 1 |
|
700 1 |
| a |
|
Чичков |
| b |
|
Ю. |
| 1 |
|
702 1 |
| a |
|
Ибряев |
| b |
|
К. |
| 4 |
|
520 |
| 464 |
Аналитический уровень |
_0 |
| 1 |
|
2001 |
| a |
|
Звезды Кремля |
| e |
|
Город спит, погасло солнце... |
| 1 |
|
700 1 |
| a |
|
Красев |
| b |
|
М. |
| 1 |
|
702 1 |
| a |
|
Френкель |
| b |
|
Н. |
| 4 |
|
520 |
| 464 |
Аналитический уровень |
_0 |
| 1 |
|
2001 |
| a |
|
Часы Кремля |
| e |
|
Звонко с башни бьют часы... |
| 1 |
|
700 1 |
| a |
|
Герчик |
| b |
|
В. |
| 1 |
|
702 1 |
| a |
|
Вышеславцева |
| b |
|
С. |
| 4 |
|
520 |
| 464 |
Аналитический уровень |
_0 |
| 1 |
|
2001 |
| a |
|
Дружат дети всей земли |
| e |
|
Шире круг, шире круг... |
| 1 |
|
700 1 |
| a |
|
Львов-Компанеец |
| b |
|
Д. |
| 1 |
|
702 1 |
| a |
|
Викторов |
| b |
|
В. |
| 4 |
|
520 |
| 464 |
Аналитический уровень |
_0 |
| 1 |
|
2001 |
| a |
|
Октябрята |
| e |
|
Нам, веселым октябрятам... |
| 1 |
|
700 1 |
| a |
|
Александров |
| b |
|
Ан. |
| 1 |
|
702 1 |
| a |
|
Богомазов |
| b |
|
С. |
| 4 |
|
520 |
| 464 |
Аналитический уровень |
_0 |
| 1 |
|
2001 |
| a |
|
Капельки |
| e |
|
Дождик льет на улице... |
| 1 |
|
700 1 |
| a |
|
Павленко |
| b |
|
В. |
| 1 |
|
702 1 |
| a |
|
Богданова |
| b |
|
Э. |
| 4 |
|
520 |
| 464 |
Аналитический уровень |
_0 |
| 1 |
|
2001 |
| a |
|
Ёжик |
| e |
|
Спит медведь, уснула галка... |
| 1 |
|
700 1 |
| a |
|
Гершфельд |
| b |
|
Д. |
| 1 |
|
702 1 |
| a |
|
Осеева |
| b |
|
В. |
| 4 |
|
520 |
| 464 |
Аналитический уровень |
_0 |
| 1 |
|
2001 |
| a |
|
Про Степана и кота |
| e |
|
Как у нашего Степана... |
| 1 |
|
700 1 |
| a |
|
Шереметьева |
| b |
|
Н. |
| 1 |
|
702 1 |
| a |
|
Демьянов |
| b |
|
Н. |
| 4 |
|
520 |
| 464 |
Аналитический уровень |
_0 |
| 1 |
|
2001 |
| a |
|
Песня о Родине |
| e |
|
Широка страна моя родная... |
| 1 |
|
700 1 |
| a |
|
Дунаевский |
| b |
|
И. |
| 1 |
|
702 1 |
| a |
|
Лебедев-Кумач |
| b |
|
В. |
| 4 |
|
520 |
| 464 |
Аналитический уровень |
_0 |
| 1 |
|
2001 |
| a |
|
Замечательный вожатый |
| e |
|
Замечательный вожатый есть, друзья, у нас... |
| 1 |
|
700 1 |
| a |
|
Пахмутова |
| b |
|
А. |
| 1 |
|
702 1 |
| a |
|
Гребенников |
| b |
|
С. |
| 4 |
|
520 |
| 1 |
|
702 1 |
| a |
|
Добронравов |
| b |
|
Н. |
| 4 |
|
520 |
| 464 |
Аналитический уровень |
_0 |
| 1 |
|
2001 |
| a |
|
Маленький барабанщик |
| e |
|
Мы шли под грохот канонады... |
| e |
|
нем. рев. песня |
| 1 |
|
702 1 |
| a |
|
Давиденко |
| b |
|
А. |
| 4 |
|
030 |
| 1 |
|
7021 |
| a |
|
Светлов |
| b |
|
М. |
| 4 |
|
730 |
| 464 |
Аналитический уровень |
_0 |
| 1 |
|
2001 |
| a |
|
Барабанщик |
| 1 |
|
700 1 |
| a |
|
Кабалевский |
| b |
|
Д. |
| 464 |
Аналитический уровень |
_0 |
| 1 |
|
2001 |
| a |
|
Вальс |
| 1 |
|
700 1 |
| a |
|
Григ |
| b |
|
Э. |
| 464 |
Аналитический уровень |
_0 |
| 1 |
|
2001 |
| a |
|
Баба яга |
| 1 |
|
700 1 |
| a |
|
Чайковский |
| b |
|
П. |
| 464 |
Аналитический уровень |
_0 |
| 1 |
|
2001 |
| a |
|
Прогулка |
| 1 |
|
700 1 |
| a |
|
Прокофьев |
| b |
|
С. |
| 464 |
Аналитический уровень |
_0 |
| 1 |
|
2001 |
| a |
|
Клоуны |
| 1 |
|
700 1 |
| a |
|
Кабалевский |
| b |
|
Д. |
| 464 |
Аналитический уровень |
_0 |
| 1 |
|
2001 |
| a |
|
Белые фонарики |
| e |
|
Белые фонарики... |
| 1 |
|
700 1 |
| a |
|
Иорданский |
| b |
|
М. |
| 1 |
|
702 1 |
| a |
|
Найденова |
| b |
|
Н. |
| 4 |
|
520 |
| 464 |
Аналитический уровень |
_0 |
| 1 |
|
2001 |
| a |
|
Скворушка прощается |
| e |
|
Осень-непогодушка... |
| 1 |
|
700 1 |
| a |
|
Попатенко |
| b |
|
Т. |
| 1 |
|
702 1 |
| a |
|
Ивенсен |
| b |
|
М. |
| 4 |
|
520 |
| 464 |
Аналитический уровень |
_0 |
| 1 |
|
2001 |
| a |
|
Новогодняя хороводная |
| e |
|
Хоровод, хоровод... |
| 1 |
|
700 1 |
| a |
|
Островский |
| b |
|
А. |
| 1 |
|
702 1 |
| a |
|
Леднев |
| b |
|
Ю. |
| 4 |
|
520 |
| 464 |
Аналитический уровень |
_0 |
| 1 |
|
2001 |
| a |
|
Песня о Родине |
| e |
|
Солнце золотое светит над страной... |
| 1 |
|
700 1 |
| a |
|
Филиппенко |
| b |
|
А. |
| 1 |
|
702 1 |
| a |
|
Познанский |
| b |
|
М. |
| 4 |
|
520 |
| 464 |
Аналитический уровень |
_0 |
| 1 |
|
2001 |
| a |
|
На горе-то калина |
| e |
|
На горе-то калина... |
| e |
|
рус. нар. песня |
| 464 |
Аналитический уровень |
_0 |
| 1 |
|
2001 |
| a |
|
Во поле береза стояла |
| e |
|
Во поле береза стояла... |
| e |
|
рус. нар. песня |
| 464 |
Аналитический уровень |
_0 |
| 1 |
|
2001 |
| a |
|
Перед весной |
| e |
|
Вот уж зимушка проходит... |
| e |
|
рус. нар. песня |
| 464 |
Аналитический уровень |
_0 |
| 1 |
|
2001 |
| a |
|
Ландыш |
| e |
|
Солнце светит, шепчут листья... |
| 1 |
|
700 1 |
| a |
|
Красев |
| b |
|
М. |
| 1 |
|
702 1 |
| a |
|
Френкель |
| b |
|
Н. |
| 4 |
|
520 |
| 464 |
Аналитический уровень |
_0 |
| 1 |
|
2001 |
| a |
|
Первомайская песня |
| e |
|
Дружно в ногу всем отрядом... |
| 1 |
|
700 1 |
| a |
|
Красев |
| b |
|
М. |
| 1 |
|
702 1 |
| a |
|
Красев |
| b |
|
М. |
| 4 |
|
520 |
| 464 |
Аналитический уровень |
_0 |
| 1 |
|
2001 |
| a |
|
Октябрятская полька |
| e |
|
Хорошо веселой песне... |
| 1 |
|
700 1 |
| a |
|
Львов-Компанеец |
| b |
|
Д. |
| 1 |
|
702 1 |
| a |
|
Петрова |
| b |
|
З. |
| 4 |
|
520 |
| 464 |
Аналитический уровень |
_0 |
| 1 |
|
2001 |
| a |
|
Танец эльфов |
| 1 |
|
700 1 |
| a |
|
Григ |
| b |
|
Э. |
| 464 |
Аналитический уровень |
_0 |
| 1 |
|
2001 |
| a |
|
Шествие гномов |
| 1 |
|
700 1 |
| a |
|
Григ |
| b |
|
Э. |
| 464 |
Аналитический уровень |
_0 |
| 1 |
|
2001 |
| a |
|
Кобольд |
| 1 |
|
700 1 |
| a |
|
Григ |
| b |
|
Э. |
| 464 |
Аналитический уровень |
_0 |
| 1 |
|
2001 |
| a |
|
Вальс |
| 1 |
|
700 1 |
| a |
|
Чайковский |
| b |
|
П. |
| 464 |
Аналитический уровень |
_0 |
| 1 |
|
2001 |
| a |
|
Песня жаворонка |
| 1 |
|
700 1 |
| a |
|
Чайковский |
| b |
|
П. |
| 464 |
Аналитический уровень |
_0 |
| 1 |
|
2001 |
| a |
|
Неаполитанская песенка |
| 1 |
|
700 1 |
| a |
|
Чайковский |
| b |
|
П. |
| 464 |
Аналитический уровень |
_0 |
| 1 |
|
2001 |
| a |
|
Мелодия |
| 1 |
|
700 1 |
| a |
|
Чайковский |
| b |
|
П. |
| 464 |
Аналитический уровень |
_0 |
| 1 |
|
2001 |
| a |
|
Итальянская песенка |
| 1 |
|
700 1 |
| a |
|
Чайковский |
| b |
|
П. |
| 464 |
Аналитический уровень |
_0 |
| 1 |
|
2001 |
| a |
|
Немецкая песенка |
| 1 |
|
700 1 |
| a |
|
Чайковский |
| b |
|
П. |
| 464 |
Аналитический уровень |
_0 |
| 1 |
|
2001 |
| a |
|
Сказочка |
| 1 |
|
700 1 |
| a |
|
Прокофьев |
| b |
|
С. |
| 464 |
Аналитический уровень |
_0 |
| 1 |
|
2001 |
| a |
|
Ходит месяц над лугами |
| 1 |
|
700 1 |
| a |
|
Прокофьев |
| b |
|
С. |
| 512 |
Заглавие обложки |
1_ |
| a |
Заглавие обложки |
Музыка в школе |
| 606 |
Тематические рубрики |
0_ |
| a |
Основная рубрика |
Учебно-педагогическая литература |
| x |
Основная подрубрика |
Младший школьный возраст |
| 610 |
Ключевые слова |
0_ |
| a |
Ключевые слова |
учебные пособия |
| 610 |
Ключевые слова |
0_ |
| a |
Ключевые слова |
младший школьный возраст |
| 686 |
Индексы других классификаций |
__ |
| a |
Классификационный индекс |
85.98(2)я71 |
| 2 |
Код системы |
rubbk |
| 700 |
Автор |
_1 |
| a |
Фамилия |
Бейдер |
| b |
Имя (инициалы) |
Т. А. |
| g |
Полное личное имя |
Тамара Александровна |
| 701 |
Альтернативная интеллектуальная ответственность |
_1 |
| a |
Фамилия |
Критская |
| b |
Имя (инициалы) |
Е. Д. |
| 701 |
Альтернативная интеллектуальная ответственность |
_1 |
| a |
Фамилия |
Левандовская |
| b |
Имя (инициалы) |
Л. Я. |
| 702 |
Вторичная интеллектуальная ответственность |
_1 |
| a |
Фамилия |
Магиденко |
| b |
Имя (инициалы) |
М. |
| 4 |
Код отношения |
030 |
| 801 |
Источник записи |
_0 |
| a |
Страна |
RU |
| b |
Организация |
Ульяновская ОНБ |
| c |
Дата составления |
20150515 |
| g |
Правила каталогизации |
RCR |
| 801 |
Источник записи |
_1 |
| a |
Страна |
RU |
| b |
Организация |
Ульяновская ОНБ |
| c |
Дата составления |
20150515 |
| g |
Правила каталогизации |
RCR |
| 901 |
Тип документа |
__ |
| t |
Тип документа |
m |
| 909 |
Создатель записи |
__ |
| a |
Создатель записи |
Никитина Т. А. |
| 910 |
Корректоры записи |
__ |
| a |
Корректор записи |
Васина |
| 938 |
Служебная информация |
__ |
| a |
Имя БД |
noti |
| b |
Имя библиотеки |
УОНБ |
| c |
Имя АИБС |
МАРК-SQL |
| d |
Номер DOC_ID в БД |
13241 |